<?xml version="1.0" encoding="UTF-8"?>
<record
    xmlns:xsi="http://www.w3.org/2001/XMLSchema-instance"
    xsi:schemaLocation="http://www.loc.gov/MARC21/slim http://www.loc.gov/standards/marcxml/schema/MARC21slim.xsd"
    xmlns="http://www.loc.gov/MARC21/slim">

  <leader>00778nam a2200157   4500</leader>
  <controlfield tag="008">708 B891h</controlfield>
  <datafield tag="020" ind1=" " ind2=" ">
    <subfield code="a">9788417047559</subfield>
  </datafield>
  <datafield tag="082" ind1=" " ind2=" ">
    <subfield code="a">708</subfield>
    <subfield code="b">B891h</subfield>
  </datafield>
  <datafield tag="100" ind1=" " ind2=" ">
    <subfield code="a">Bruguera, Tania</subfield>
    <subfield code="9">3275</subfield>
  </datafield>
  <datafield tag="245" ind1=" " ind2=" ">
    <subfield code="a">Habl&#xE1;ndole al poder</subfield>
  </datafield>
  <datafield tag="260" ind1=" " ind2=" ">
    <subfield code="a">Ciudad de M&#xE9;xico</subfield>
    <subfield code="b">Museo Universitario de Arte Contempor&#xE1;neo</subfield>
    <subfield code="c">2018</subfield>
  </datafield>
  <datafield tag="300" ind1=" " ind2=" ">
    <subfield code="a">80 p.</subfield>
    <subfield code="b">ill (col)</subfield>
    <subfield code="c">22 x 16,5 cm</subfield>
  </datafield>
  <datafield tag="505" ind1=" " ind2=" ">
    <subfield code="t">Las instituciones transnacionales y el arte de la especificidad en el tiempo pol&#xED;tico</subfield>
    <subfield code="r">Luc&#xED;a Sanrom&#xE1;n, Susie Kantor</subfield>
    <subfield code="t">Conversaci&#xF3;n entre Tania Bruguera y Suzanne Lacy</subfield>
    <subfield code="r">Tania Bruguera, Suzanne Lacy</subfield>
    <subfield code="t">L&#xE9;xico interpretado</subfield>
    <subfield code="r">Jos&#xE9; Falconi</subfield>
    <subfield code="t">Semblanza</subfield>
    <subfield code="t">Cat&#xE1;logo</subfield>
    <subfield code="t">Cr&#xE9;ditos</subfield>
  </datafield>
  <datafield tag="650" ind1=" " ind2=" ">
    <subfield code="x">arte contempor&#xE1;neo</subfield>
    <subfield code="x">arte - exhibiciones</subfield>
    <subfield code="x">arte - institucionalidad</subfield>
    <subfield code="x">Cuba</subfield>
    <subfield code="9">6795</subfield>
  </datafield>
  <datafield tag="700" ind1=" " ind2=" ">
    <subfield code="a">Alvarez Romero, Ekaterina (edici&#xF3;n)</subfield>
    <subfield code="9">6792</subfield>
  </datafield>
  <datafield tag="999" ind1=" " ind2=" ">
    <subfield code="c">1671</subfield>
    <subfield code="d">1671</subfield>
  </datafield>
  <datafield tag="952" ind1=" " ind2=" ">
    <subfield code="0">0</subfield>
    <subfield code="1">0</subfield>
    <subfield code="2">ddc</subfield>
    <subfield code="4">0</subfield>
    <subfield code="7">0</subfield>
    <subfield code="a">LV</subfield>
    <subfield code="b">LV</subfield>
    <subfield code="c">Monograf&#xED;as</subfield>
    <subfield code="d">2018-11-21</subfield>
    <subfield code="l">0</subfield>
    <subfield code="o">708 B891h</subfield>
    <subfield code="p">004695</subfield>
    <subfield code="r">2018-11-21 00:00:00</subfield>
    <subfield code="w">2018-11-21</subfield>
    <subfield code="y">01</subfield>
  </datafield>
</record>
